[Event "SWZ-chT"]
[Site "SWZ"]
[Date "1999.??.??"]
[Round "4"]
[White "Leib, Agripa"]
[Black "Summermatter, Daniel"]
[Result "0-1"]
[WhiteElo "2210"]
[BlackElo "2336"]

1.e4 c5 2.Nf3 Nc6 3.d4 cxd4 4.Nxd4 Nf6 5.Nc3 d6 6.Bg5 Qa5 7.Bxf6 gxf6 8.f4 Nxd4
9.Qxd4 Bd7 10.Bc4 Rc8 11.Bb3 Rg8 12.g3 h5 13.O-O-O Qc5 14.Qd3 b5 15.Qf3 Bg4
16.Qd3 Bxd1 17.Rxd1 a6 18.Qf3 Rh8 19.h4 e6 20.Kb1 Be7 21.Ne2 a5 22.a4 Qb4
23.Nc3 bxa4 24.Nxa4 Rg8 25.f5 Rg4 26.fxe6 Qxe4 27.exf7+ Kf8 28.Qf2 Rb8 29.Ka2 Qc6
30.Rd4 Rxd4 31.Qxd4 Rb4 32.Qd3 Rxa4+ 33.Bxa4 Qxa4+ 34.Kb1 Kxf7 35.Qh7+ Ke6
36.Qxh5 f5 37.c3 Qg4 38.Qe8 Qxg3 39.h5 Qg5 40.Kc2 f4 41.Qa4 Qf5+ 42.Kd2 Qxh5  0-1

[Event "SWZ-chT"]
[Site "SWZ"]
[Date "1999.??.??"]
[Round "5"]
[White "Herb, Pascal"]
[Black "Brunner, Lucas"]
[Result "1/2-1/2"]
[WhiteElo "2356"]
[BlackElo "2492"]

1.e4 c5 2.Nf3 Nc6 3.d4 cxd4 4.Nxd4 Nf6 5.Nc3 d6 6.Bg5 e6 7.Qd2 a6 8.O-O-O Bd7
9.f4 b5 10.Bxf6 gxf6 11.f5 Qb6 12.Nxc6 Qxc6 13.Qd4 Be7 14.Be2 Qc5 15.Qxc5 dxc5
16.Bh5 Ra7 17.fxe6 Bxe6 18.Rhf1 Rg8 19.Nd5 Rg5 20.Nf4 Bc8 21.Bf3 c4 22.Rd5 Rxd5
23.Nxd5 f5 24.Nxe7 Kxe7 25.Kd2 Kd6 26.exf5 Bxf5 27.Bh5 Bg6 28.Bxg6 hxg6 29.g4 Ke5
30.g5  1/2-1/2

[Event "SWZ-chT"]
[Site "SWZ"]
[Date "1999.??.??"]
[Round "7"]
[White "Umbach, Andreas"]
[Black "Georges, Sacha"]
[Result "1/2-1/2"]
[WhiteElo "2170"]
[BlackElo "2270"]

1.e4 c5 2.Nf3 d6 3.d4 cxd4 4.Nxd4 Nf6 5.Nc3 Nc6 6.Bg5 e6 7.Qd2 a6 8.O-O-O Bd7
9.f4 b5 10.Bxf6 gxf6 11.Nxc6 Bxc6 12.Qe1 Be7 13.Bd3 Qb6 14.Kb1 Rc8 15.Rf1 a5
16.f5 b4 17.Ne2 e5 18.Ng3 h5 19.Rf3 a4 20.Bc4 Qc5 21.b3 Rg8 22.Qe2 h4 23.Nf1 a3
24.Rh3 Rd8 25.c3 bxc3 26.Rxc3 Qb4 27.Rh3 Rb8 28.Rxh4 Bd8 29.Ne3 Bb6 30.Bd5 Bb5
31.Nc4 Bd4 32.Rh7 Qc3 33.Rxd4 exd4 34.Nxd6+ Ke7 35.Nxb5 Rxb5 36.Rxf7+ Kd8
37.Rd7+ Ke8 38.Qh5+ Kxd7 39.Qf7+ Kd6 40.Qe6+ Kc7 41.Qf7+ Kb6 42.Qb7+ Ka5
43.Qa7+ Kb4 44.Qa4+ Kc5 45.Qxa3+ Qb4 46.Qc1+ Kd6 47.Qf4+ Kd7 48.Bxg8 Rc5
49.Be6+ Ke7 50.Qg3 Qd2 51.Qg7+ Kd6 52.Qf8+ Kc6 53.Bd5+ Rxd5 54.Qc8+ Kb6 55.exd5 d3
56.Qc6+ Ka7 57.Qc7+ Ka6 58.Qc4+ Kb7 59.Qc6+ Ka7 60.Qc7+ Ka6 61.Qc6+  1/2-1/2

[Event "Tampere op"]
[Site "Tampere"]
[Date "1999.??.??"]
[Round "8"]
[White "Saastamoinen, Aarne"]
[Black "Sorsa, Nuutti"]
[Result "1-0"]
[WhiteElo "2193"]
[BlackElo "2226"]

1.e4 c5 2.Nf3 d6 3.d4 cxd4 4.Nxd4 Nf6 5.Nc3 Nc6 6.Bg5 e6 7.Qd2 a6 8.O-O-O h6
9.Bf4 Bd7 10.Nxc6 Bxc6 11.f3 d5 12.exd5 Nxd5 13.Nxd5 Qxd5 14.c4 Qxd2+ 15.Bxd2 h5
16.Bd3 h4 17.h3 g6 18.Rhe1 Bh6 19.Be4 Bxd2+ 20.Rxd2 Bxe4 21.Rxe4 Rd8 22.b4 Rh5
23.Rc2 Ke7 24.c5 Rhh8 25.a4 g5 26.Rec4 Rd5 27.Kb2 Rc8 28.f4 Rg8 29.b5 axb5
30.axb5 gxf4 31.Rxf4 Rdg5 32.Rcf2 f5 33.Rxh4 Rxg2 34.Rxg2 Rxg2+ 35.Kc3 Kd7
36.Rh7+ Kc8 37.b6 Re2 38.Kd4 Re4+ 39.Kd3 Re1 40.h4 Rd1+ 41.Kc4 Rd8 42.Rc7+ Kb8
43.Re7 Rh8 44.Kb5 f4 45.h5 Rf8 46.h6 f3 47.h7 Kc8 48.Rf7 Rxf7 49.h8=Q+ Kd7
50.Qd4+ Ke8 51.Qf2 Rf5 52.Kc4 Kd7 53.Qd4+ Ke7 54.Qf2 Kd7 55.Kb4 Rf4+ 56.Kc3 Rf5
57.Qd4+ Rd5 58.Qg7+ Kc6 59.Kb4 Rf5 60.Qc7+ Kd5 61.Qxb7+ Ke5 62.Qg7+ Ke4 63.b7  1-0

[Event "Tampere op"]
[Site "Tampere"]
[Date "1999.??.??"]
[Round "9"]
[White "Holmsten, Aleksei"]
[Black "Veingold, Aleksandr"]
[Result "1-0"]
[WhiteElo "2373"]
[BlackElo "2477"]

1.e4 c5 2.Nf3 d6 3.d4 cxd4 4.Nxd4 Nf6 5.Nc3 Nc6 6.Bg5 e6 7.Qd2 a6 8.O-O-O Bd7
9.f4 b5 10.Bxf6 gxf6 11.Nxc6 Bxc6 12.Qe1 b4 13.Nd5 a5 14.f5 Bh6+ 15.Kb1 Bxd5
16.exd5 e5 17.Bb5+ Ke7 18.Bc6 Rb8 19.Rd4 Qb6 20.Re4 Rbg8 21.Qe2 Bf8 22.Rc4 Bg7
23.Rd1 Rc8 24.c3 b3 25.axb3 Qxb3 26.Rh4 Rc7 27.Rdd4 Qb6 28.Rdg4 Bf8 29.Ka2 h6
30.g3 Rc8 31.Ra4 Rc7 32.b4 axb4 33.Rhxb4 Qc5 34.Kb2 Bg7 35.Rb5 Qg1 36.Ra1  1-0

[Event "POL-ch U20"]
[Site "Trzbinia"]
[Date "1999.??.??"]
[Round "?"]
[White "Jedryczka, Krystian"]
[Black "Blehm, Pawel"]
[Result "1/2-1/2"]
[WhiteElo "2371"]
[BlackElo "2428"]

1.e4 c5 2.Nf3 d6 3.d4 cxd4 4.Nxd4 Nf6 5.Nc3 Nc6 6.Bg5 e6 7.Qd2 a6 8.O-O-O Be7
9.f4 Nxd4 10.Qxd4 b5 11.Bxf6 gxf6 12.Kb1 Qc7 13.Qd2 Qc5 14.Bd3 Bd7 15.f5 b4
16.Ne2 a5 17.Rhf1 a4 18.c3 bxc3 19.Qxc3 Qxc3 20.Nxc3 Ra5 21.Bc2 O-O 22.a3 Rb8  1/2-1/2

[Event "POL-ch U20"]
[Site "Trzbinia"]
[Date "1999.??.??"]
[Round "?"]
[White "Jedryczka, Krystian"]
[Black "Dziuba, Marcin"]
[Result "1-0"]
[WhiteElo "2371"]
[BlackElo "2310"]

1.e4 c5 2.Nf3 d6 3.d4 cxd4 4.Nxd4 Nf6 5.Nc3 Nc6 6.Bg5 Bd7 7.Qd2 Rc8 8.Nb3 Na5
9.Bd3 h6 10.Be3 Nc4 11.Bxc4 Rxc4 12.Qd3 Qc7 13.Bxa7 b5 14.Be3 b4 15.Nd2 Rxc3
16.bxc3 bxc3 17.Nb3 e6 18.O-O Be7 19.Bd4 O-O 20.Rfe1 Rc8 21.e5 Nd5 22.a4 Bc6
23.Qg3 g5 24.exd6 Bxd6 25.Be5 Nf4 26.Bxd6 Qxd6 27.f3 Bd5 28.Rab1 Qa6 29.Qf2 Qxa4
30.Ra1 Qc4 31.Nd4 Rb8 32.Qe3 Qc5 33.Nf5 Qf8 34.Ng3 Rc8 35.Ne2 Nxe2+ 36.Qxe2 Rc4
37.Rab1 Qc5+ 38.Qe3 Qc7 39.h3 Ra4 40.Qb6 Qc4 41.Qd8+ Kh7 42.Rb8 Qd4+ 43.Kh1 Kg6
44.Qg8+ Kh5 45.Qxf7+ Kh4 46.Qf8 Qd2 47.Kh2 Kh5 48.Qe8+  1-0

[Event "RUS-Cup"]
[Site "Tula "]
[Date "1999.??.??"]
[Round "3"]
[White "Nikolenko, Oleg"]
[Black "Mchedlishvili, Mikheil"]
[Result "1/2-1/2"]
[WhiteElo "2510"]
[BlackElo "2400"]

1.e4 c5 2.Nf3 Nc6 3.d4 cxd4 4.Nxd4 Nf6 5.Nc3 d6 6.Bg5 Bd7 7.Qd2 Nxd4 8.Qxd4 h6
9.Bxf6 gxf6 10.O-O-O Qa5 11.Bc4 Rc8 12.Bb3 Qc5 13.Qd2 b5 14.Nd5 Bg7 15.Kb1 e6
16.Nf4 Bf8 17.Rhe1 h5 18.Nd3 Qc7 19.f4 a5 20.a3 h4 21.Qf2 Rb8 22.Re3 Bc6
23.Qe1 Qb6 24.Rh3 b4 25.a4 Qb7 26.f5 e5 27.Nf2 Ke7 28.Bd5 Bh6 29.Qe2 Bg5
30.Bxc6 Qxc6 31.b3 Rhc8 32.Nd3 Qa6 33.Nf4 Qxe2 34.Nxe2 Rc5 35.Rhd3 Rbc8 36.Rxd6 Rxc2
37.Rd7+ Kf8 38.Rd8+ Kg7 39.Rxc8 Rxc8 40.Rd5 Ra8 41.Kc2 Be3 42.Kd3 Bf2 43.Kd2 Ra7
44.Nc1 Rc7 45.Ne2 Ra7 46.Kd1 Ra8 47.Kd2 Ra7  1/2-1/2

[Event "RUS-Cup"]
[Site "Tula "]
[Date "1999.??.??"]
[Round "8"]
[White "Tishin, P."]
[Black "Sambuev, Bator"]
[Result "1-0"]
[WhiteElo "2272"]
[BlackElo "2409"]

1.e4 c5 2.Nf3 d6 3.d4 cxd4 4.Nxd4 Nf6 5.Nc3 Nc6 6.Bg5 e6 7.Bb5 Bd7 8.Bxc6 bxc6
9.Qf3 e5 10.Nf5 Bxf5 11.Qxf5 Be7 12.O-O O-O 13.Rad1 Ne8 14.Be3 g6 15.Qf3 Bg5
16.Bxg5 Qxg5 17.Na4 Rc8 18.c4 f5 19.c5 Nf6 20.cxd6 Nxe4 21.Qb3+ Kh8 22.d7 Rcd8
23.Qe6 f4 24.f3 Ng3 25.Rfe1 Rf5 26.Nc5 e4 27.Qe8+ Rf8 28.Qxf8+  1-0

[Event "RUS-ch sf"]
[Site "Ufa"]
[Date "1999.??.??"]
[Round "9"]
[White "Prokopchuk, Evgeny"]
[Black "Filipenko, Alexander V"]
[Result "0-1"]
[WhiteElo "2489"]
[BlackElo "2360"]

1.e4 c5 2.Nf3 d6 3.d4 Nf6 4.Nc3 cxd4 5.Nxd4 Nc6 6.Bg5 e6 7.Qd2 a6 8.O-O-O Bd7
9.f4 b5 10.Nxc6 Bxc6 11.Bd3 b4 12.Ne2 Qb6 13.Bxf6 gxf6 14.Ng3 h5 15.Qe2 Qc5
16.f5 h4 17.Nh5 Ke7 18.Kb1 a5 19.Rhf1 e5 20.g4 Bh6 21.Bc4 Rhe8 22.b3 Rab8
23.Rd3 Bg5 24.Rfd1 Red8 25.Ng7 Qb6 26.Nh5 Rbc8 27.Qe1 Rc7 28.Qe2 Qa7 29.Ng7 Rcc8
30.Nh5 Bb7 31.Ng7 Qb6 32.Nh5 Rc6 33.Bd5 Ba6 34.Bxc6 Qxc6 35.Qf3 Bxd3 36.Qxd3 Rc8
37.Qe2 a4 38.Qd3 a3 39.Ng7 Qc5 40.Nh5 Rc6  0-1

[Event "Mislata op8th"]
[Site "Valencia"]
[Date "1999.??.??"]
[Round "5"]
[White "Martinez Villar, Jesus"]
[Black "Braga, Fernando"]
[Result "1-0"]
[WhiteElo "2185"]
[BlackElo "2461"]

1.e4 c5 2.Nf3 Nc6 3.d4 cxd4 4.Nxd4 Nf6 5.Nc3 d6 6.Bg5 e6 7.Be2 Be7 8.Qd2 O-O
9.O-O-O Nxd4 10.Qxd4 Nxe4 11.Nxe4 Bxg5+ 12.Kb1 d5 13.Nxg5 Qxg5 14.f4 Qe7
15.c4 dxc4 16.Bxc4 b6 17.Rhe1 Qc7 18.Rd3 Bb7 19.Rg3 g6 20.Bb3 Rad8 21.Qf6 Bd5
22.f5 Qf4 23.Bxd5 Rxd5 24.Qe7 Qxf5+ 25.Ka1 Rfd8  1-0

[Event "LTU-ch"]
[Site "Vilnius"]
[Date "1999.??.??"]
[Round "?"]
[White "Sulskis, Giedrius"]
[Black "Cmilyte, Viktorija"]
[Result "1/2-1/2"]
[WhiteElo "2208"]
[BlackElo "2310"]

1.e4 c5 2.Nf3 d6 3.d4 Nf6 4.Nc3 cxd4 5.Nxd4 Nc6 6.Bg5 e6 7.Qd2 a6 8.O-O-O Qb6
9.Nb3 Qc7 10.f4 b5 11.Be2 Bb7 12.Bxf6 gxf6 13.Bh5 O-O-O 14.Kb1 Kb8 15.a3 Rg8
16.Rhf1 Bh6 17.g3 Na5 18.Qd4 Nc4 19.Qxf6 Nxa3+ 20.Ka2 Nxc2 21.Qxh6 Ne3 22.Qxh7 Nxf1
23.Rxf1 b4 24.Nb1 Qc6 25.N1d2 Qa4+ 26.Kb1 Qb5 27.Bxf7 Rh8 28.Qg6 a5 29.Bxe6 Qd3+
30.Ka1 a4 31.Bc4 Qe3 32.Na5  1/2-1/2

[Event "JUG-chT"]
[Site "Vrnjacka Banja"]
[Date "1999.??.??"]
[Round "3"]
[White "Pavlovic, Milos"]
[Black "Vuckovic, Bojan"]
[Result "1-0"]
[WhiteElo "2500"]
[BlackElo "2433"]

1.e4 c5 2.Nf3 d6 3.d4 cxd4 4.Nxd4 Nf6 5.Nc3 Nc6 6.Bg5 e6 7.Qd2 a6 8.O-O-O Nxd4
9.Qxd4 Be7 10.f4 b5 11.Bxf6 gxf6 12.f5 Qa5 13.Kb1 b4 14.Ne2 e5 15.Qd2 Bb7
16.Ng3 h5 17.Bd3 h4 18.Nf1 d5 19.Qe2 O-O-O 20.Nd2 Kb8 21.Rhe1 Rhg8 22.Nf3 h3
23.gxh3 Bc5 24.exd5 Bxd5 25.Bc4 Bb7 26.Bxf7 Rg7 27.Nxe5 Bd4 28.Nc4 Qc7  1-0

[Event "JUG-chT (Women)"]
[Site "Vrnjacka Banja"]
[Date "1999.??.??"]
[Round "6"]
[White "Zarkovic, Danijela"]
[Black "Stajic, Snezana"]
[Result "1/2-1/2"]
[WhiteElo "2090"]
[BlackElo "2078"]

1.e4 c5 2.Nf3 Nc6 3.d4 cxd4 4.Nxd4 Nf6 5.Nc3 d6 6.Bg5 e6 7.Qd2 a6 8.O-O-O h6
9.Be3 Be7 10.f4 Nxd4 11.Bxd4 b5 12.Kb1 O-O 13.Bd3 Bb7 14.e5 dxe5 15.fxe5 Nd7
16.Ne4 Bxe4 17.Bxe4 Rb8 18.Ba7 Nxe5 19.Qc3 Bd6 20.Qd4 Bc7 21.Qc5 Qc8 22.Rhe1 Nc4
23.Bxb8 Qxb8 24.g3 Be5 25.c3 Rc8 26.Qe7 b4 27.Qxb4 Qc7 28.Qb7 Na3+ 29.Kc1 Bf4+
30.gxf4 Qxf4+ 31.Rd2 Rd8 32.Rd1 Rxd2 33.Rxd2  1/2-1/2

[Event "JUG-chT (Women)"]
[Site "Vrnjacka Banja"]
[Date "1999.??.??"]
[Round "6"]
[White "Stojanovic, Nadezda"]
[Black "Stankovic, Marija"]
[Result "0-1"]
[WhiteElo "2083"]
[BlackElo "2189"]

1.e4 c5 2.Nf3 Nc6 3.d4 cxd4 4.Nxd4 Nf6 5.Nc3 d6 6.Bg5 e6 7.Qd2 a6 8.O-O-O h6
9.Bxf6 Qxf6 10.Bc4 Bd7 11.Rhe1 Qd8 12.f4 Be7 13.Kb1 Rc8 14.f5 Nxd4 15.Qxd4 Bf6
16.Qd3 O-O 17.fxe6 Bxe6 18.Nd5 Be5 19.h3 b5 20.Bb3 Rc5 21.Ne3 Qh4 22.Rf1 Rfc8
23.Nf5 Qg5 24.h4 Qd8 25.Rf2 Qc7 26.Rdf1 Bc4 27.Bxc4 bxc4 28.Qf3 Rb5 29.c3 Rcb8
30.Ka1 Qb7 31.Kb1 a5 32.Qd1 Qa7 33.Rd2 a4 34.Nxd6 Bxd6 35.Rxd6 R8b7 36.a3 Rb3
37.Qd4 Qa5 38.Qxc4 Qe5 39.Qd4 Qb5 40.Rd8+ Kh7 41.Qd3 Qc5 42.Ka2 Qb6 43.e5+ g6
44.Rd6 Rxb2+  0-1

[Event "JUG-chT (Women)"]
[Site "Vrnjacka Banja"]
[Date "1999.??.??"]
[Round "8"]
[White "Stojanovic, Nadezda"]
[Black "Shumiakina, Tatiana"]
[Result "0-1"]
[WhiteElo "2083"]
[BlackElo "2352"]

1.e4 c5 2.Nf3 Nc6 3.d4 cxd4 4.Nxd4 Nf6 5.Nc3 d6 6.Bg5 e6 7.Qd2 a6 8.O-O-O Bd7
9.f4 Be7 10.Be2 b5 11.Bf3 Rc8 12.Nxc6 Bxc6 13.Rhe1 Qc7 14.e5 dxe5 15.fxe5 b4
16.exf6 gxf6 17.Be3 Bxf3 18.gxf3 bxc3 19.Qxc3 Qxc3 20.bxc3 Rxc3 21.Kb2 Rc7
22.c3 Rg8 23.Re2 Rb7+ 24.Kc2 Ba3 25.Rb1 Rxb1 26.Kxb1 Ke7 27.Kc2 Rb8 28.Kd3 Rb1
29.Rg2 Rf1 30.Ke2 Ra1 31.Kd3 Rd1+ 32.Ke2 Rd5 33.Rg4 Bc5 34.Bxc5+ Rxc5 35.Kd3 Ra5
36.a4 Rh5 37.h4 a5 38.Rf4 Rd5+ 39.Kc4 h5 40.Re4 Kd6 41.Rf4 f5 42.Kb3 Rd1
43.Rc4 Rb1+ 44.Kc2 Rh1 45.Rd4+ Ke5 46.Rc4 Kf6 47.Kd3 Rh3 48.Ke2 Kg6 49.Kf2 Rh2+
50.Ke3 e5 51.Rc5 f4+ 52.Ke4 Re2+ 53.Kd5 Kf5 54.Rxa5 Re3 55.Ra7 f6 56.c4 Rxf3
57.c5 Ra3 58.c6 f3 59.Rb7 f2 60.Rb1 e4 61.Kd6 Rd3+ 62.Ke7 Rc3 63.Kd7 e3  0-1

[Event "JUG-chT"]
[Site "Vrnjacka Banja"]
[Date "1999.??.??"]
[Round "8"]
[White "Popovic, Petar"]
[Black "Ostojic, Nikola"]
[Result "1-0"]
[WhiteElo "2490"]
[BlackElo "2419"]

1.e4 c5 2.Nf3 d6 3.d4 cxd4 4.Nxd4 Nf6 5.Nc3 Nc6 6.Bg5 e6 7.Qd2 Be7 8.O-O-O O-O
9.Nb3 Qb6 10.f3 Rd8 11.Be3 Qc7 12.Qf2 d5 13.exd5 Nxd5 14.Nxd5 Rxd5 15.Rxd5 exd5
16.g4 Ne5 17.Kb1 Nc4 18.Bd4 a5 19.Nc5 a4 20.Bxc4 dxc4 21.Re1 b5 22.a3 Bxc5
23.Bxc5 Be6 24.Bb4 Rd8 25.Bc3 Qc6 26.Qe3 Qd5 27.f4 h6 28.f5 Bd7 29.Re2 Bc6
30.g5 h5 31.Qb6 Rc8 32.g6 f6 33.Re7 Qd1+ 34.Ka2 Qxc2 35.Qd4 Qxf5 36.Rc7 Re8
37.Rxc6 Qxg6  1-0

[Event "JUG-chT"]
[Site "Vrnjacka Banja"]
[Date "1999.??.??"]
[Round "11"]
[White "Vuckovic, Bojan"]
[Black "Miranovic, Rajko"]
[Result "1/2-1/2"]
[WhiteElo "2433"]
[BlackElo "2388"]

1.e4 c5 2.Nf3 d6 3.d4 cxd4 4.Nxd4 Nf6 5.Nc3 Nc6 6.Bg5 e6 7.Qd2 a6 8.O-O-O Nxd4
9.Qxd4 Be7 10.f4 b5 11.Bxf6 gxf6 12.Be2 Qc7 13.f5 Qc5 14.fxe6 fxe6 15.Qxc5 dxc5
16.Bh5+ Kf8 17.e5 f5 18.g4 f4 19.a4 Kg7 20.Rhf1 Rf8 21.Kb1 b4 22.Ne4 Ra7
23.g5 h6 24.h4 hxg5 25.hxg5 Rf5 26.Nf6 Rxg5 27.Rxf4 Bb7 28.Ne8+ Kh6 29.Rf7 Be4
30.Nf6 Bxf6 31.Rxa7 Bxe5 32.Re1 b3 33.Bd1 Bf5 34.Rxa6 Bf4 35.Raxe6+ Bxe6
36.Rxe6+ Rg6 37.Rxg6+ Kxg6 38.c3 Kf6 39.Bxb3 Ke7 40.Kc2 Kd6 41.Bf7 Kc6 42.b4 cxb4
43.cxb4 Bg3 44.Kd3 Be1 45.Kc4 Kb6 46.Bd5 Bd2 47.Be4 Be1 48.a5+ Ka6 49.Kc5 Ka7
50.Kb5 Bd2 51.Ka4 Be1 52.b5 Bf2 53.Bc6 Be3 54.b6+ Bxb6 55.axb6+ Kxb6  1/2-1/2

[Event "JUG-chT"]
[Site "Vrnjacka Banja"]
[Date "1999.??.??"]
[Round "11"]
[White "Matulovic, Milan"]
[Black "Ivanisevic, Ivan"]
[Result "1/2-1/2"]
[WhiteElo "2418"]
[BlackElo "2447"]

1.e4 c5 2.Nf3 d6 3.d4 cxd4 4.Nxd4 Nf6 5.Nc3 Nc6 6.Bg5 e6 7.Qd2 a6 8.O-O-O Nxd4
9.Qxd4 Be7 10.f4 b5 11.Bxf6 gxf6 12.Kb1 Rb8 13.f5 b4 14.Ne2 e5 15.Qd2 h5
16.h4 Qc7 17.Ng3 Bb7 18.b3 Qc3 19.Qxc3 bxc3 20.Bc4 Rg8 21.Rd3 Rg4 22.Rxc3 Rc8
23.Re3 Bd8 24.Bd5 Bxd5 25.exd5 Bb6 26.Nxh5 Ke7 27.Rg3 Rd4 28.Ng7 Rd2 29.c3 Bf2
30.Rg4 Rxc3 31.Rc1 Rxc1+ 32.Kxc1 Rxa2 33.h5 Be3+ 34.Kb1 Rd2 35.Rc4 Bh6 36.Rc7+ Kf8
37.Ne6+ fxe6 38.dxe6 Bg5 39.Ra7 Rxg2 40.Ra8+ Ke7 41.Ra7+ Ke8 42.Ra8+ Ke7
43.Ra7+ Ke8 44.Ra8+  1/2-1/2

[Event "Zaragoza op 11th"]
[Site "Zaragoza"]
[Date "1999.??.??"]
[Round "6"]
[White "Gimeno Oteo, Marco Antonio"]
[Black "Estremera Panos, Sergio"]
[Result "0-1"]
[WhiteElo "2155"]
[BlackElo "2390"]

1.e4 c5 2.Nf3 d6 3.d4 cxd4 4.Nxd4 Nf6 5.Nc3 Nc6 6.Bg5 e6 7.Qd2 a6 8.f3 h6
9.Be3 Nxd4 10.Bxd4 e5 11.Be3 Be6 12.Nd5 Bxd5 13.exd5 Be7 14.c4 Nd7 15.Be2 Bg5
16.Rc1 Bxe3 17.Qxe3 Qg5 18.Kf2 a5 19.Qa3 Qh4+ 20.Kf1 Qe7 21.Kf2 O-O 22.Rhd1 Nc5
23.Kg1 Qc7 24.Qe3 Qb6 25.b3 a4 26.b4 Qxb4 27.Rb1 Qa5 28.f4 exf4 29.Qxf4 Rae8
30.Bf3 Re5 31.Kh1 Rfe8 32.h3 Re1+ 33.Kh2 Rxd1 34.Rxd1 Re5 35.Rf1 Qc7 36.Rb1 Qe7
37.Rb6 Kf8 38.Qg4 Qd8 39.Rb5 Qg5 40.Qd4 Qe3 41.Qg4 h5 42.Qh4 Qg5 43.Qxg5 Rxg5
44.Ra5 Re5 45.Bd1 Re4 46.Bxa4 Rxc4 47.Ra8+ Ke7 48.Re8+ Kf6 49.Bd1 g6 50.Rd8 Ke7
51.Rc8 Rd4 52.Bf3 Ra4 53.Kg3 h4+ 54.Kf2 Rxa2+ 55.Ke3 Ra3+ 56.Kf4 Kf6 57.Rd8 Ra4+
58.Ke3 Ke7 59.Rh8 g5  0-1

[Event "Hilton Open"]
[Site "Basel SUI"]
[Date "2000.01.03"]
[Round "5"]
[White "Schweizer,R"]
[Black "Joksic,S"]
[Result "1/2-1/2"]
[WhiteElo "2007"]
[BlackElo "2306"]

1.e4 c5 2.Nf3 Nc6 3.d4 cxd4 4.Nxd4 Nf6 5.Nc3 d6 6.Bg5 e6 7.Qd2 a6 8.O-O-O h6
9.Bf4 Bd7 10.Bg3 Rc8 11.Kb1 Ne5 12.f3 b5 13.a3 Nc4 14.Bxc4 Rxc4 15.Nb3 e5
16.Bf2 Be6 17.g4 Be7 18.h4 Qc7 19.Be3 h5 20.g5 Nd7 21.Nd5 Qb8 22.Na5 Rc8
23.f4 exf4 24.Bxf4 Ne5 25.Nxe7 Kxe7 26.Bxe5 dxe5 27.Qb4+ Ke8 28.Rd6 Qc7 29.Rc6 Qe7
30.Qxe7+  1/2-1/2

[Event "It A"]
[Site "Paretana ESP"]
[Date "2000.01.03"]
[Round "6"]
[White "Rahal,M"]
[Black "Garcia Ilundain,D"]
[Result "0-1"]
[WhiteElo "2397"]
[BlackElo "2510"]

1.e4 c5 2.Nf3 d6 3.d4 Nf6 4.Nc3 cxd4 5.Nxd4 Nc6 6.Bg5 e6 7.Qd2 h6 8.Bxf6 gxf6
9.O-O-O a6 10.f4 Bd7 11.Kb1 Qb6 12.Nf3 O-O-O 13.Na4 Qa7 14.c4 Be7 15.Nc3 Kb8
16.Be2 Qc5 17.Rc1 Na5 18.Rhe1 Rhe8 19.Nd4 f5 20.b3 Bf6 21.Red1 Nc6 22.Nc2 Bxc3
23.Qxc3 fxe4 24.Ne3 f5 25.g3 Bc8 26.Rc2 e5 27.Rcd2 Nd4 28.Nc2 Nxe2 29.Rxe2 d5
30.fxe5 dxc4 31.Rxd8 Rxd8 32.Ne3 Rd3 33.Qxc4 Qxe5 34.Qc1 Qd4 35.Re1 Rd2 36.Nc4 Rxh2
37.Rd1 Qf2 38.Rd2 Qxg3 39.Nd6 Be6 40.Nxe4 Qh4 41.Rxh2 Qxh2 42.Nc5 Bc8  0-1

[Event "Challengers"]
[Site "Hastings ENG"]
[Date "2000.01.04"]
[Round "7"]
[White "Kroeger,F"]
[Black "Van Laatum,G"]
[Result "0-1"]
[WhiteElo "2160"]
[BlackElo "2361"]

1.e4 c5 2.Nf3 d6 3.d4 cxd4 4.Nxd4 Nf6 5.Nc3 Nc6 6.Bg5 e6 7.Qd2 a6 8.O-O-O Be7
9.f4 Nxd4 10.Qxd4 b5 11.Bxf6 gxf6 12.Be2 Qc7 13.Bh5 Qc5 14.Qxc5 dxc5 15.f5 b4
16.Na4 Rb8 17.Rhe1 O-O 18.b3 Rb7 19.Bf3 Bd7 20.Nb2 Rc7 21.g4 Bc6 22.Re3 Re8
23.Red3 Bf8 24.Kb1 Bh6 25.Nc4 Bf4 26.h3 Kg7 27.Rd8 Rxd8 28.Rxd8 exf5 29.gxf5 Re7
30.Nd6 Bxd6 31.Rxd6 Bxe4 32.Bxe4 Rxe4 33.Rxa6 Re5 34.a4 bxa3 35.Rc6 Rxf5
36.Ka2 Re5 37.Kxa3 f5 38.Ka4 f4 39.Kb5 f3  0-1

[Event "ch-AUS"]
[Site "Mingara NSW AUS"]
[Date "2000.01.05"]
[Round "8"]
[White "Canfell,G"]
[Black "Dwyer,D"]
[Result "1-0"]
[WhiteElo "2280"]
[BlackElo "2144"]

1.e4 c5 2.Nf3 Nc6 3.d4 cxd4 4.Nxd4 Nf6 5.Nc3 d6 6.Bg5 e6 7.Qd2 Be7 8.O-O-O Nxd4
9.Qxd4 O-O 10.e5 dxe5 11.Qxe5 Bd7 12.Qg3 Nh5 13.Bxe7 Qxe7 14.Qc7 Rfd8 15.Qxb7 a5
16.g3 Rab8 17.Qc7 Nf6 18.a3 a4 19.Bg2 Rbc8 20.Qa5 Rc5 21.Qb4 Rdc8 22.Rd2 Qd8
23.Rhd1 Rc4 24.Qb6 R4c7 25.Qa6 Qe8 26.f4 Rb8 27.Rd6 Rbc8 28.Qd3 Qe7 29.Rd2 Be8
30.Qd4 Rc4 31.Qb6 Nd7 32.Qa6 Nb8 33.Qa5 R4c5 34.Qb6 Nd7 35.Qa7 R5c7 36.Qe3 Nc5
37.Qd4 Bd7 38.Re2 Kf8 39.Rb6 Qd8 40.Kb1 Ra7 41.Qd6+ Kg8 42.Rd2 Qc7 43.Nb5 Bxb5
44.Rxb5 Qxd6 45.Rxd6 Rac7 46.Bc6 Kf8 47.Rxc5 Ke7 48.Rd4 Rxc6 49.Rxc6 Rxc6
50.Rxa4 Kf6 51.c3 Rc7 52.Ra5 Kg6 53.Kc2 f5 54.b4 Kh5 55.Re5 Rc6 56.b5  1-0

[Event "VII Anibal Open"]
[Site "Linares ESP"]
[Date "2000.01.08"]
[Round "2"]
[White "Salmensuu,O"]
[Black "Zvjaginsev,V"]
[Result "0-1"]
[WhiteElo "2443"]
[BlackElo "2652"]

1.e4 c5 2.Nf3 d6 3.d4 cxd4 4.Nxd4 Nf6 5.Nc3 Nc6 6.Bg5 e6 7.Qd2 Be7 8.O-O-O O-O
9.f3 a6 10.h4 Nxd4 11.Qxd4 b5 12.Bxf6 gxf6 13.Bd3 Kh8 14.e5 Bb7 15.Bxh7 fxe5
16.Qg4 Kxh7 17.Qh5+ Kg7 18.Rh3 Bg5+ 19.hxg5 Rh8 20.Qg4 Rxh3 21.gxh3 Qb6 22.Ne4 Qe3+
23.Rd2 Rh8 24.h4 Qe1+ 25.Rd1 Qxh4 26.Qxh4 Rxh4 27.Rxd6 Kg6 28.Kd2 Bxe4 29.fxe4 Kxg5
30.Rxa6 Rxe4 31.Ra5 b4 32.c3 bxc3+ 33.Kxc3 f5 34.Ra8 Re3+ 35.Kd2 Rh3 36.b4 e4
37.b5 Rd3+ 38.Ke2 Rd4 39.a3 Rd3 40.a4 Rb3 41.Rc8 f4 42.Rc1 f3+ 43.Kf1 e3
44.a5 Rxb5 45.Ra1 Kf4  0-1

[Event "ch-CRO"]
[Site "Pula CRO"]
[Date "2000.01.10"]
[Round "4"]
[White "Kutuzovic,B"]
[Black "Novak,D"]
[Result "1/2-1/2"]
[WhiteElo "2480"]
[BlackElo "2365"]

1.e4 c5 2.Nf3 Nc6 3.d4 cxd4 4.Nxd4 Nf6 5.Nc3 d6 6.Bg5 e6 7.Qd2 a6 8.O-O-O Be7
9.f4 Nxd4 10.Qxd4 b5 11.Bxf6 gxf6 12.f5 Qc7 13.Be2 Qc5 14.Qxc5 dxc5 15.fxe6 fxe6
16.Bh5+ Kf8 17.e5 f5 18.g4 Kg7 19.gxf5 exf5 20.Rhg1+ Kh6 21.Bf7 Rd8 22.Nd5 Ra7
23.e6 c4 24.Rg3 f4 25.Nxf4 Bd6 26.Ne2 Re7 27.Rd5 Bxg3 28.Rxd8 Bxe6 29.Bxe6 Bc7
30.Nd4 Bxd8 31.Nf5+ Kg5 32.Nxe7 Bxe7 33.Bc8 b4 34.Bxa6 c3 35.Bc8 Kf4 36.bxc3 bxc3
37.a4 Bd8 38.Kb1 Ke4 39.Ka2 Kd5 40.Bf5 h6 41.Kb1 Kc5 42.Kc1 Kb4 43.Bd7 Bg5+
44.Kd1 Ka5  1/2-1/2

[Event "Troll Masters"]
[Site "Gausdal NOR"]
[Date "2000.01.12"]
[Round "4"]
[White "Lie,K"]
[Black "Skytte,R"]
[Result "1-0"]
[WhiteElo "2206"]
[BlackElo "2338"]

1.e4 c5 2.Nf3 d6 3.d4 cxd4 4.Nxd4 Nf6 5.Nc3 Nc6 6.Bg5 e6 7.f4 Be7 8.Qd2 h6
9.Bxf6 gxf6 10.O-O-O a6 11.f5 Qa5 12.fxe6 fxe6 13.Bc4 Nxd4 14.Qxd4 Bd7 15.Bb3 O-O-O
16.Kb1 Rhg8 17.g3 Rg5 18.Qe3 h5 19.Ne2 Re5 20.Nf4 d5 21.Ng6 Bc5 22.Qf4 Rxe4
23.Qxf6 Qb6 24.Rhe1 Rxe1 25.Rxe1 a5 26.Qh4 Kb8 27.Ne5 Ka7 28.Nxd7 Rxd7 29.a4 Bb4
30.Rd1 Rh7 31.Ka2 Be7 32.Qf4 h4 33.Re1 hxg3 34.hxg3 Rg7 35.Rxe6 Qb4 36.Qe5 Rg5
37.Qe3+ d4 38.Qf4 Rg7 39.Re4 Bd6  1-0

[Event "Troll Masters"]
[Site "Gausdal NOR"]
[Date "2000.01.13"]
[Round "6"]
[White "Gabrielsen,S"]
[Black "Krakops,M"]
[Result "0-1"]
[WhiteElo "2295"]
[BlackElo "2530"]

1.e4 c5 2.Nf3 Nc6 3.d4 cxd4 4.Nxd4 Nf6 5.Nc3 d6 6.Bg5 Bd7 7.Bxf6 gxf6 8.Nf5 Qa5
9.Bb5 a6 10.Bd3 e6 11.Ne3 h5 12.Qf3 Be7 13.O-O-O O-O-O 14.Kb1 Kb8 15.Qe2 Bc8
16.f4 f5 17.exf5 d5 18.fxe6 fxe6 19.Qe1 Bc5 20.f5 Bxe3 21.Qxe3 e5 22.Qg5 Rhg8
23.Qxh5 e4 24.Bf1 e3 25.Ne2 d4 26.g4 Ne5 27.h3 d3 28.cxd3 Nxd3 29.Nc3 Nxb2
30.Kxb2 Qb4+ 31.Kc2 Rxd1 32.Nxd1 Qd2+ 33.Kb3 Qxd1+ 34.Ka3 Qd6+ 35.Kb2 Qd4+
36.Kb3 Qd1+ 37.Kb2 e2  0-1

[Event "Troll Masters"]
[Site "Gausdal NOR"]
[Date "2000.01.13"]
[Round "6"]
[White "Putka,V"]
[Black "Bellin,R"]
[Result "1/2-1/2"]
[WhiteElo "2250"]
[BlackElo "2351"]

1.Nf3 c5 2.e4 d6 3.d4 Nf6 4.Nc3 cxd4 5.Nxd4 Nc6 6.Bg5 e6 7.Qd2 a6 8.O-O-O h6
9.Be3 Bd7 10.f3 b5 11.g4 Ne5 12.Rg1 g5 13.h4 gxh4 14.Qe1 Be7 15.Be2 b4 16.Nb1 d5
17.f4 Nc6 18.Nxc6 Bxc6 19.Bd4 Rg8 20.Qxh4 Nxe4 21.Qxh6 Bf6 22.g5 Bxd4 23.Rxd4 Qb6
24.Rgd1 O-O-O  1/2-1/2

[Event "Troll Masters"]
[Site "Gausdal NOR"]
[Date "2000.01.14"]
[Round "7"]
[White "Snarheim,D"]
[Black "Kulaots,K"]
[Result "0-1"]
[WhiteElo "2227"]
[BlackElo "2478"]

1.e4 c5 2.Nf3 Nc6 3.d4 cxd4 4.Nxd4 Nf6 5.Nc3 d6 6.Bg5 e6 7.Bb5 Bd7 8.Bxc6 bxc6
9.Qf3 Qb6 10.Nb3 Be7 11.O-O e5 12.Qg3 Be6 13.Rad1 a5 14.Be3 Qc7 15.f4 Nh5
16.Qf3 Nxf4 17.Bxf4 exf4 18.Qxf4 O-O 19.Nd4 Bc4 20.Rf3 Bf6 21.Nf5 Be5 22.Qh4 Rfe8
23.Rh3 h6 24.Qg4 Kf8 25.b3 Be6 26.Rf1 Qb6+ 27.Kh1 Qc5 28.Ne2 Qxc2 29.Nf4 Bxf5
30.Qxf5 Kg8 31.Nh5 Ra7 32.Qg4 a4 33.bxa4 Qxa2 34.Rg3 Qe6 35.Qxe6 Rxe6 36.Ra3  0-1

[Event "1st Fraenkische GM"]
[Site "Pulvermuele GER"]
[Date "2000.01.14"]
[Round "3"]
[White "Naiditsch,A"]
[Black "Wells,P"]
[Result "1-0"]
[WhiteElo "2417"]
[BlackElo "2476"]

1.e4 c5 2.Nf3 Nc6 3.d4 cxd4 4.Nxd4 Nf6 5.Nc3 d6 6.Bg5 e6 7.Qd2 a6 8.O-O-O Nxd4
9.Qxd4 Be7 10.f3 b5 11.Kb1 Qa5 12.e5 dxe5 13.Qxe5 Bb7 14.Bd2 Qb6 15.Be3 Qa5
16.Bd2 Qb6 17.Be3 Qa5 18.Bc4 O-O 19.Bxe6 Bb4 20.Bb3 Rfe8 21.Qf4 Bxc3 22.bxc3 Qxc3
23.Bd4 Qb4 24.a3 Nd5 25.Qg5 Nc3+ 26.Bxc3 Qxc3 27.Rd7 h6 28.Qh5 Bc6 29.Bxf7+ Kh8
30.Bxe8 Bxd7 31.Bxd7 b4 32.Qa5 Qd4 33.Be6 bxa3 34.Qxa3 a5 35.Ka2 Qe5 36.Bc4 Rc8
37.Bd3 a4 38.Rb1 Qd5+ 39.Ka1 Qd4+ 40.Rb2 Re8 41.Qb4 Qd5 42.Qc4  1-0